<?xml version="1.0" encoding="UTF-8"?>
<record
    xmlns:xsi="http://www.w3.org/2001/XMLSchema-instance"
    xsi:schemaLocation="http://www.loc.gov/MARC21/slim http://www.loc.gov/standards/marcxml/schema/MARC21slim.xsd"
    xmlns="http://www.loc.gov/MARC21/slim">

  <leader>00709nam a2200169Ia 4500</leader>
  <controlfield tag="008">090711s9999    xx            000 0 und d</controlfield>
  <datafield tag="082" ind1=" " ind2=" ">
    <subfield code="b">1731</subfield>
  </datafield>
  <datafield tag="100" ind1=" " ind2=" ">
    <subfield code="a">&#x91C;&#x93E;&#x927;&#x935; &#x930;&#x93E;. &#x917;.</subfield>
  </datafield>
  <datafield tag="245" ind1=" " ind2=" ">
    <subfield code="a">&#x935;&#x93E;I&#x92E;&#x92F;&#x940;&#x928; &#x928;&#x93F;&#x92C;&#x902;&#x927;&#x932;&#x947;&#x916;&#x928; &#x938;&#x94D;&#x935;&#x930;&#x942; &#x92A; &#x906;&#x923;&#x93F; &#x938;&#x93E;&#x927;&#x928;&#x947;</subfield>
  </datafield>
  <datafield tag="260" ind1=" " ind2=" ">
    <subfield code="b">&#x915;&#x949;&#x928;&#x94D;&#x91F;&#x93F;&#x928;&#x947;&#x928;&#x94D;&#x91F;&#x932; &#x92A;&#x94D;&#x930;&#x915;&#x93E;&#x936;&#x928;</subfield>
    <subfield code="c">1967</subfield>
  </datafield>
  <datafield tag="300" ind1=" " ind2=" ">
    <subfield code="a">158</subfield>
  </datafield>
  <datafield tag="600" ind1=" " ind2=" ">
    <subfield code="a">&#x91C;&#x93E;&#x927;&#x935; &#x930;&#x93E;. &#x917;.</subfield>
  </datafield>
  <datafield tag="630" ind1=" " ind2=" ">
    <subfield code="a">&#x935;&#x93E;I&#x92E;&#x92F;&#x940;&#x928; &#x928;&#x93F;&#x92C;&#x902;&#x927;&#x932;&#x947;&#x916;&#x928; &#x938;&#x94D;&#x935;&#x930;&#x942; &#x92A; &#x906;&#x923;&#x93F; &#x938;&#x93E;&#x927;&#x928;&#x947;</subfield>
  </datafield>
  <datafield tag="700" ind1=" " ind2=" ">
    <subfield code="a">&#x91C;&#x93E;&#x927;&#x935; &#x930;&#x93E;. &#x917;.</subfield>
  </datafield>
  <datafield tag="730" ind1=" " ind2=" ">
    <subfield code="a">&#x935;&#x93E;I&#x92E;&#x92F;&#x940;&#x928; &#x928;&#x93F;&#x92C;&#x902;&#x927;&#x932;&#x947;&#x916;&#x928; &#x938;&#x94D;&#x935;&#x930;&#x942; &#x92A; &#x906;&#x923;&#x93F; &#x938;&#x93E;&#x927;&#x928;&#x947;</subfield>
  </datafield>
  <datafield tag="942" ind1=" " ind2=" ">
    <subfield code="c">BOOK</subfield>
  </datafield>
  <datafield tag="999" ind1=" " ind2=" ">
    <subfield code="c">338771</subfield>
    <subfield code="d">338768</subfield>
  </datafield>
</record>
